[Event "XVIII Najdorf Open 2018"]
[Site "Warsaw"]
[Date "2018.07.12"]
[Round "5"]
[White "Sengupta, Deep"]
[Black "Nurkiewicz, Maciej"]
[Result "1-0"]
[WhiteElo "2565"]
[BlackElo "2368"]
[Annotator "TA"]
[PlyCount "143"]
[EventDate "2018.07.08"]
[EventCountry "POL"]
[SourceTitle "playchess.com"]
[Source "ChessBase"]
[SourceQuality "1"]

{[%evp 13,143,22,39,17,22,-2,0,0,5,6,36,10,46,47,82,43,142,127,129,149,133,129,195,0,0,0,1,0,0,0,0,-23,-12,-23,-14,-14,-22,-22,-14,-30,0,-22,0,0,0,0,0,-28,0,-20,0,0,13,0,11,8,21,8,20,19,45,45,33,15,20,-2,-2,-2,-2,-2,-2,-80,-73,-142,-125,-148,-141,-216,-206,-209,-209,-243,-173,-185,-164,-216,-201,-206,-200,-202,-214,-171,0,-10,0,0,0,0,260,218,465,464,437,422,1223,1225,1221,1215,1187,1187,1200,1199,1171,1157,1116,1109,1311,1309,1446,1315,2587,1630,29939,5102,29984,29985,29985,29986,29986,29987,29990,29991]} 1. d4 Nf6 2. Bg5 Ne4 3. Bf4 d5 4. e3 c5 5. Bd3 Nf6 6. c3 {A45: Trompowsky Attack} Nc6 7. Nd2 e6 {LiveBook: 16 Games} 8. Bg3 {White is slightly better.} Be7 9. f4 O-O $146 ({Predecessor:} 9... Bd7 10. Qe2 Qb6 11. Rb1 g6 {½-½ (39) Liang,C (2502)-Zhang,P (2605) China 2010}) 10. Ngf3 b6 11. Ne5 Qc7 12. O-O a5 13. Qe2 Nb8 14. f5 {Black must now prevent Nxf7!} Bd6 (14... Qb7 $14) 15. Bh4 $16 exf5 16. Bxf6 $1 gxf6 17. Nef3 $1 Nc6 (17... Kh8 $16) 18. Qf2 $2 (18. Nh4 $1 $18) 18... Ne7 19. g3 Kh8 20. Nh4 {[%cal Rd3f5]} Rg8 $1 {[%cal Rg8g3]} 21. Ng2 Be6 22. Kh1 c4 23. Bc2 b5 24. Nf3 b4 25. Nfh4 {[%cal Rh4f5]} Rg5 26. Nf4 Rag8 (26... Rb8 {is more complex.} 27. Rab1 Qc8 28. Qd2 Qf8 29. Nf3 Rg8) 27. Bd1 (27. a3 {looks sharper.} b3 28. Bd1 Qc6 29. Bf3 Bc8 30. Bg2) 27... Bxf4 (27... Qb6 {feels hotter.} 28. Bf3 Bc7 29. Rac1 Rb8 30. Nhg2 a4) 28. exf4 R5g7 29. Bc2 Rb8 30. Qe2 Rb6 31. Qh5 Qc8 32. Rfe1 Rd6 33. Re2 Rd8 34. Rae1 Rf8 35. Ng2 Rd8 36. Ne3 Rf8 37. Rf1 Rfg8 38. Rg2 Rg6 39. g4 Qf8 40. gxf5 Rxg2 41. Nxg2 Bd7 42. Rf3 (42. Ne3 $11) 42... Rg7 $17 ({Reject} 42... Qg7 $6 43. Rg3 $14) 43. Rg3 ({White should play} 43. Rf1) 43... Qb8 44. Re3 Ng8 45. Qf3 (45. Qd1 $17 {was necessary.}) 45... bxc3 $19 46. bxc3 Qb2 47. Re2 Qa1+ 48. Ne1 Bc6 49. a4 (49. Qe3 {might work better.}) 49... Qa3 50. h3 Bxa4 51. Bxa4 Qxa4 52. Qxd5 Qa1 $2 (52... Qb3 $1 $19 53. Qxa5 Rg3) 53. Qxc4 $11 Qc1 54. d5 Rg3 55. d6 $36 {[%mdl 2048] White has some pressure.} Rxc3 $2 {[%mdl 8192]} (55... Rxh3+ $11 56. Kg2 Rxc3) 56. Qd4 $1 $18 Rxh3+ $2 (56... Rc4 57. Qd2 Rc8) 57. Kg1 {Strongly threatening d7.} Qc6 58. d7 {And now Rg2 would win.} Rh1+ (58... Qh1+ $142 59. Kf2 Rh2+ 60. Ke3 Qg1+ 61. Kd3 Qxd4+ 62. Kxd4 Rxe2) 59. Kf2 Rh2+ {[#]} 60. Ke3 $1 Qc1+ 61. Kf3 Qa3+ 62. Re3 Rh3+ 63. Kf2 Qa2+ 64. Kg1 Qh2+ 65. Kf1 Qh1+ {[#]} 66. Ke2 $1 Rh2+ 67. Kd3 Qf1+ 68. Kc3 Qb5 69. d8=Q {[%csl Gd8][%cal Rd4f6] White mates.} Qb2+ 70. Kc4 {[%cal Bc3c4,Bc4d5,Bd5d6][%mdl 32]} Qb4+ 71. Kd5 {[%csl Gd8][%cal Rd4f6]} Qb7+ 72. Kd6 {Precision: White = 55%, Black = 47%.} 1-0

[Event "XVIII Najdorf Open 2018"]
[Site "Warsaw"]
[Date "2018.07.12"]
[Round "5"]
[White "Markowski, Tomasz"]
[Black "Baskin, Robert"]
[Result "1/2-1/2"]
[WhiteElo "2561"]
[BlackElo "2339"]
[Annotator "TA"]
[PlyCount "112"]
[EventDate "2018.07.08"]
[EventCountry "POL"]
[SourceTitle "playchess.com"]
[Source "ChessBase"]
[SourceQuality "1"]

{[%evp 18,112,34,2,19,10,25,0,0,0,0,0,0,-6,-10,-13,-13,-9,26,12,7,22,20,0,0,0,0,0,0,0,0,0,0,0,0,0,94,94,94,94,94,94,94,94,94,94,97,100,158,155,168,168,190,114,229,220,229,229,274,274,281,221,221,231,230,190,221,221,221,236,236,281,281,8,8,8,8,8,8,8,8,8,8,8,8,8,8,8,8,8,17,17,17,17,17,17,17]} 1. g3 d5 2. Nf3 Nf6 3. Bg2 e6 4. O-O Be7 5. c4 O-O 6. d4 dxc4 7. Ne5 Nc6 8. Bxc6 bxc6 9. Nxc6 Qe8 10. Qa4 {LiveBook: 3 Partien. E05: Katalanisch} (10. Nxe7+ Qxe7 11. Qc2 c5 12. Qxc4 cxd4 13. Qxd4 e5 14. Qh4 h6 15. Nc3 Bb7 16. Be3 Qe6 17. Qa4 Bc6 18. Qa6 Rfc8 19. f3 Rab8 20. Rab1 Nd5 21. Nxd5 Bxd5 22. Qxe6 Bxe6 {½-½ (30) Wang,Y (2679)-Wang,H (2710) Hangzhou 2018}) 10... Bd6 {Weiss muss nun ...Lb7 beachten.} 11. Qxc4 Bb7 12. Ne5 {[#]Weiß hat minimalen Vorteil.} c5 $1 {[%mdl 512]} 13. Nc3 (13. dxc5 Bxe5) 13... Rc8 14. Rd1 $146 ({Vorgänger:} 14. Bg5 cxd4 15. Qxd4 Bxe5 16. Qxe5 Qc6 17. f3 Nd7 {1-0 (30) Schulze,U (2301)-Tschlatscher,T (2092) Stuttgart 2016}) 14... Nd5 15. Nxd5 exd5 16. Qb3 Ba8 17. Bf4 cxd4 18. Nd3 Bxf4 $1 19. Nxf4 g5 20. Nxd5 Qe5 $1 21. e4 $1 $36 {[%mdl 2048] Weiss hat gut koordiniertes Spiel.} Rfd8 22. Re1 Rb8 23. Qa3 Bxd5 24. exd5 Qxd5 25. Rad1 a5 26. Qe7 Rb7 (26... h6 $11 {hält das Gleichgewicht.}) 27. Qf6 $1 $16 Rb5 28. a4 Rc5 {[#]} 29. Re5 $1 {[%mdl 512]} Qxe5 30. Qxd8+ Kg7 31. Qxd4 Qxd4 32. Rxd4 {[%mdl 4096] Endspiel KT-KT} Rc2 (32... h5 $142 33. h4 f6) 33. Rd5 Kg6 34. b3 Rb2 35. Rb5 (35. Kg2 $18) 35... g4 (35... h5 $16 36. Rxa5 Rxb3) 36. Kg2 $18 (36. Rxa5 $6 Rxb3 37. Kg2 Ra3) 36... h5 37. h3 {[%cal Bh2h3,Bh3h4][%mdl 32]} ({Bloß nicht} 37. Rxa5 Rxb3 38. Ra8 Ra3) 37... f5 {Schwarz hofft, mit ...gxh3+ fortzusetzen.} 38. h4 ({Finger weg von} 38. Rxa5 $6 Rxb3 39. Ra8 gxh3+ 40. Kxh3 f4 $18) 38... Rb1 39. Rxa5 {Und weiter mit Tb5 wäre nett.} Rxb3 40. Rb5 Ra3 41. a5 Kf6 42. Rb6+ $1 Ke5 {[#]} 43. Ra6 $1 f4 44. gxf4+ Kxf4 {[#]} 45. Rf6+ $2 (45. Ra8 $1 $18 Ke5 46. a6 (46. Rh8 Ra2 $16)) 45... Ke4 $11 {Die Stellung ist ausgeglichen.} 46. a6 Ra1 47. Rh6 Kf4 48. Rxh5 {Th6 ist eine echte Drohung.} Rxa6 49. Rh8 {und nun wäre Tf8+ stark für Weiss.} Ra3 50. Rf8+ Ke5 51. Re8+ Kf4 52. Re3 Ra4 53. Re1 g3 54. fxg3+ Kg4 55. Re2 Rb4 56. Kf2 Ra4 {Precision: Weiß = 63%, Schwarz = 69%.} 1/2-1/2

[Event "XVIII Najdorf Open 2018"]
[Site "Warsaw"]
[Date "2018.07.12"]
[Round "5"]
[White "Rozentalis, Eduardas"]
[Black "Buksa, Nataliya"]
[Result "0-1"]
[WhiteElo "2513"]
[BlackElo "2337"]
[Annotator "TA"]
[PlyCount "82"]
[EventDate "2018.07.08"]
[EventCountry "POL"]
[SourceTitle "playchess.com"]
[Source "ChessBase"]
[SourceQuality "1"]

{[%evp 27,82,12,10,6,14,17,42,34,39,29,55,-30,31,-44,0,-79,22,7,6,10,14,0,0,-10,-9,-50,0,0,0,0,35,-17,4,18,54,52,109,71,76,-83,-86,-232,-216,-506,-479,-506,-489,-480,-474,-1032,-904,-1091,-1093,-1028,-1042,-1010,-1008]} 1. e4 e5 2. Nf3 Nc6 3. Bc4 Nf6 4. d3 Be7 5. O-O O-O 6. Re1 d6 7. c3 Na5 8. Bb5 a6 9. Ba4 b5 10. Bc2 c5 11. Nbd2 Re8 12. Nf1 Bf8 13. h3 g6 14. Ng3 Bg7 {LiveBook: 23 Games. C90: Closed Ruy Lopez with 7...d6: Early deviations} 15. Bg5 (15. d4 cxd4 16. cxd4 exd4 17. Nxd4 {½-½ (62) Ikeda,J (2397)-Jumabayev,R (2610) Riga 2017}) 15... Qc7 16. Qd2 Bb7 {The position is equal.} 17. b4 $146 ({Predecessor:} 17. Bh6 Bh8 18. Qg5 Nc6 19. h4 Bc8 20. h5 Nd8 21. Rad1 Bg4 22. Ra1 Bxh5 23. Nh2 Ne6 24. Qh4 Bg7 25. Bd2 {1-0 (61) Bojkovic,S (2360)-Lazic,M (2380) Novi Sad 1986}) 17... Nc6 18. Bb3 Nd8 19. a4 ({White should try} 19. Bh6 $1 $14) 19... Ne6 (19... c4 $1 $11 20. dxc4 bxc4) 20. h4 (20. Bxe6 $14 fxe6 21. bxc5) 20... h5 21. Bh6 (21. axb5 $11 cxb4 22. cxb4) 21... Bh8 ({Black should play} 21... Bxh6 $17 22. Qxh6 Ng4) 22. Ng5 c4 23. Nxe6 Rxe6 24. dxc4 bxc4 25. Bc2 Rd8 26. Bg5 Rd7 27. Rad1 d5 28. exd5 Rxd5 29. Qe2 (29. Qe3 $14) 29... Rxd1 (29... e4 $5) 30. Rxd1 Nd5 31. Ne4 {Black must now prevent Qf1.} Re8 (31... Bg7 $1 $14) 32. Qd2 Ba8 {[#]} 33. Nc5 $2 {[#]} (33. a5 $1 $16) 33... e4 $1 $36 {[%mdl 2048] White is under strong pressure.} 34. Nxe4 (34. a5 $17 {keeps fighting.}) 34... f5 $19 {[%cal Bf7f5,Bf5e4,Be4e3,Be3e2][%mdl 32]} 35. Nc5 $2 (35. Re1 {was called for.} fxe4 36. Rxe4) 35... Bxc3 {Black is clearly winning.} 36. Qc1 Qc6 37. Be4 fxe4 38. Rxd5 (38. Be3 $142 Bxb4 39. Qxc4) 38... Qxd5 39. Qxc3 e3 {[%csl Ga8][%cal Rd5g2]} 40. f3 e2 41. Bd2 {[#]} Qxd2 $1 {[%mdl 512] Precision: White = 22%, Black = 38%.} 0-1

[Event "XVIII Najdorf Open 2018"]
[Site "Warsaw"]
[Date "2018.07.12"]
[Round "5"]
[White "Klekowski, Maciej"]
[Black "Harazinska, Magdalena"]
[Result "1-0"]
[WhiteElo "2509"]
[BlackElo "1997"]
[Annotator "TA"]
[PlyCount "69"]
[EventDate "2018.07.08"]
[EventCountry "POL"]
[SourceTitle "playchess.com"]
[Source "ChessBase"]
[SourceQuality "1"]

{[%evp 17,69,44,66,-7,-6,-14,6,-17,-7,0,-2,-55,-32,-46,-38,-37,-49,-164,-114,-119,-116,-164,-129,-207,-161,-162,-137,-109,8,12,711,697,687,676,709,740,729,735,733,728,715,719,672,664,805,787,775,746,1630,1566,1551,1544,1191,1429]} 1. c4 e5 2. g3 Nc6 3. Bg2 Bc5 4. Nc3 a6 5. e3 d6 6. Nge2 {A25: English Opening vs King's Indian with ...Nc6 but without early d3} h5 7. d4 Ba7 8. h3 h4 9. g4 f5 {LiveBook: 9 Games} 10. dxe5 (10. gxf5 $14 Bxf5 11. Qb3) 10... fxg4 $11 11. exd6 gxh3 12. Bxh3 (12. Bxc6+ $5 bxc6 13. b3 $11) 12... Bxh3 13. Rxh3 {[#]} Qd7 $146 14. Rh1 ({White should play} 14. Nf4 $11) 14... O-O-O $15 15. dxc7 Qxc7 (15... Qxd1+ $6 16. Nxd1 Kxc7 17. Nf4 $14) 16. Nd5 Ne5 {[%mdl 1024] Black has compensation.} 17. Qb3 (17. b3 $1 $15 Nf3+ 18. Kf1 Nh2+ 19. Kg1 Nf3+ 20. Kg2 (20. Kf1 Qe5 $11)) 17... Nf3+ ({But not} 17... Qxc4 $6 18. Qxc4+ Nxc4 19. Ndf4 $11) 18. Kf1 Qd7 $1 19. Qc2 Qg4 20. Nef4 (20. b3 $17 {might work better.}) 20... h3 {Hoping for ...g5.} 21. Qg6 {[#]} Ng5 $1 {[%cal Rg4d1]} 22. Bd2 {[#] Strongly threatening Ba5.} h2 (22... Nf6 $1 $17 23. Qxg7 (23. Rg1 Qf3 $16) 23... Nxd5 24. cxd5 Rhg8) 23. Ba5 $40 {[%mdl 128] White mounts an attack.} Bxe3 $2 {[%mdl 8192]} (23... Rh6 $11 24. Qxg7 Rh7 25. Qxh7 Nxh7 26. Bxd8 Kxd8) 24. Nxe3 $18 {White is clearly winning.} Qxf4 25. Bxd8 Ne4 {[%csl Ge4][%cal Rf4f2]} 26. Qe6+ Kb8 {[#]} 27. Bc7+ $1 Qxc7 (27... Kxc7 28. Nd5+) 28. Qe8+ Ka7 29. Qxe4 Nf6 30. Nd5 Qd7 31. Qe3+ Kb8 32. Rxh2 Re8 33. Qf4+ Ka7 34. Qd4+ Kb8 35. Re1 {Precision: White = 31%, Black = 65%.} 1-0

[Event "XVIII Najdorf Open 2018"]
[Site "Warsaw"]
[Date "2018.07.12"]
[Round "5"]
[White "Thybo, Jesper Sondergaard"]
[Black "Havelka, Josef"]
[Result "1-0"]
[WhiteElo "2497"]
[BlackElo "2349"]
[Annotator "TA"]
[PlyCount "57"]
[EventDate "2018.07.08"]
[EventCountry "POL"]
[SourceTitle "playchess.com"]
[Source "ChessBase"]
[SourceQuality "1"]

{[%evp 20,57,40,35,40,47,64,65,69,54,217,222,218,225,206,97,81,18,342,372,383,381,602,591,589,589,583,578,569,572,552,556,560,547,1045,1040,1032,993,997,996]} 1. c4 c6 2. e4 d5 3. exd5 cxd5 4. d4 Nf6 5. Nc3 e6 6. Nf3 Be7 7. cxd5 Nxd5 8. Bd3 Nd7 9. Nxd5 exd5 10. O-O O-O 11. Re1 {LiveBook: 3 Partien. D41: Damengambit (Verbesserte Tarrasch-Verteidigung)} (11. Ne5 Qb6 12. Re1 Bf6 13. Bf4 Rd8 14. Rc1 Nf8 15. b3 Be6 16. Bb1 Rac8 17. Qd3 Ng6 18. Bg3 Nf8 {1-0 (43) Gaponenko,I (2380)-Ubiennykh,E (2285) Khanty-Mansiysk 2014}) 11... Nf6 12. Qb3 b6 13. Ne5 {Weiß steht etwas besser.} Bb7 14. Bg5 $146 ({Vorgänger:} 14. Bf5 Ne4 15. f3 Bg5 16. fxe4 dxe4 17. Nd7 Re8 18. Bxg5 Qxg5 {1-0 (55) Groenegress,W-Blachmann,H ICCF corr 1986}) 14... Rc8 $2 (14... Ne4 $14 15. Bxe7 Qxe7) 15. Bf5 $18 Rc7 16. Qh3 $1 {Lxf6 ist eine echte Drohung.} g6 {[#]} 17. Bh6 (17. Nd7 $1 $18 {[%mdl 512] Und weiter mit Txe7 wäre nett.} Rxd7 18. Bxd7) 17... Bb4 $16 18. Re3 (18. Rec1 $16 Rxc1+ 19. Rxc1) 18... Re8 $2 {[%mdl 8192] [#]} (18... Bd2 $1 $11 {und Schwarz muss sich keine Sorgen machen.}) 19. Bg5 $1 $18 {[%cal Rg5f6]} Be7 {[#]} ({Viel schlechter ist} 19... gxf5 20. Rg3 $18) 20. Be6 $1 {[%mdl 512]} Rf8 (20... Bf8 $142) (20... fxe6 21. Qxe6+) 21. Nxf7 {Weiß steht klar auf Gewinn.} Rxf7 22. Bxf7+ Kxf7 23. Bxf6 $1 Bxf6 24. Qxh7+ Kf8 25. Qxg6 {zielt auf Tae1 ab.} Rg7 26. Qh6 Kg8 27. Rae1 {Droht Te8+ und aus.} Bc6 28. Re6 Bg5 {[#]} 29. Qh5 $1 {Precision: Weiß = 69%, Schwarz = 26%.} 1-0

[Event "XVIII Najdorf Open 2018"]
[Site "Warsaw"]
[Date "2018.07.12"]
[Round "5"]
[White "Socko, Monika"]
[Black "Hassan, Abdullah"]
[Result "1-0"]
[WhiteElo "2464"]
[BlackElo "2335"]
[Annotator "TA"]
[PlyCount "41"]
[EventDate "2018.07.08"]
[EventCountry "POL"]
[SourceTitle "playchess.com"]
[Source "ChessBase"]
[SourceQuality "1"]

{[%evp 14,41,33,33,55,64,54,52,46,38,34,15,37,43,204,131,133,130,122,111,129,120,123,115,690,685,738,727,1500,1506]} 1. e4 {[%cal Be2e4,Be4e5][%mdl 32]} e6 2. d4 d5 3. Nd2 Be7 4. Bd3 Nf6 5. e5 Nfd7 6. Ne2 {C03: French Tarrasch: Unusual Black 3rd moves} c5 7. c3 b6 8. O-O {LiveBook: 3 Games. White is slightly better.} cxd4 $146 ({Predecessor:} 8... Ba6 9. Bxa6 Nxa6 10. Nf4 Nc7 11. Nf3 h5 12. Nh3 f6 13. exf6 gxf6 14. Re1 Kf7 15. Bf4 Nf8 16. Qd3 Bd6 17. Re2 Ng6 18. Bxd6 Qxd6 {1-0 (52) Vachier Lagrave,M (2703)-Nakamura,H (2741) Moscow 2010}) 9. cxd4 Ba6 10. Bxa6 Nxa6 11. Nf4 Nb4 12. Nb1 Qc7 {Threatens to win with ...Nc2.} 13. Nc3 Qc4 $2 (13... O-O $14) 14. Be3 g5 15. Nfe2 {[%cal Bf4e2,Be2c3,Bc3d5][%mdl 32]} Qd3 {[#]} 16. Qa4 $1 a6 17. Bxg5 b5 18. Qb3 Nxa2 $2 {[%mdl 8192]} (18... Bxg5 $16 19. Qxb4 Be7) 19. Bxe7 $18 {White is clearly winning.} ({Not} 19. Rxa2 Bxg5 20. Rfa1 O-O $16) 19... Nxc3 20. Nxc3 ({Weaker is} 20. bxc3 Kxe7 21. Qa3+ Kd8 $16) 20... Kxe7 {[#]} 21. Nxd5+ $1 {[%mdl 512] Precision: White = 83%, Black = 36%.} 1-0

[Event "XVIII Najdorf Open 2018"]
[Site "Warsaw"]
[Date "2018.07.12"]
[Round "5"]
[White "Romanishin, Oleg M"]
[Black "Kosakowski, Jakub"]
[Result "1-0"]
[WhiteElo "2440"]
[BlackElo "2324"]
[Annotator "RC"]
[PlyCount "165"]
[EventDate "2018.07.08"]
[EventCountry "POL"]
[SourceTitle "playchess.com"]
[Source "ChessBase"]
[SourceQuality "1"]

1. d4 Nf6 2. Nf3 g6 3. g3 Bg7 4. Bg2 d5 5. c4 dxc4 6. Qa4+ Nfd7 7. Nbd2 a6 8. Qxc4 Nb6 9. Qc2 Nc6 10. Nb3 O-O 11. O-O Be6 12. Nc5 Nxd4 13. Nxd4 Qxd4 14. Nxe6 fxe6 15. Qxc7 Nd5 16. Qxb7 Qc4 17. Qd7 Nf6 18. Qxe7 Rae8 19. Qa3 Qxe2 20. Qe3 Qc2 21. Qb3 Qf5 22. Bf4 Rd8 23. Rae1 Nd5 24. Re4 Nxf4 25. Rxf4 Qe5 26. Rxf8+ Bxf8 27. Bh3 Kf7 28. Qb7+ Be7 29. Qxa6 Rd2 30. b3 Bc5 31. Qb7+ Ke8 32. Qc6+ Ke7 33. Qb7+ Ke8 34. b4 Bd4 35. Qc8+ Ke7 36. Qb7+ Ke8 37. Qf3 Rxa2 38. Qc6+ Ke7 39. Qb7+ Ke8 40. Qf3 Rb2 41. b5 Qf6 42. Qxf6 Bxf6 43. Bxe6 Rxb5 44. Rd1 Ke7 45. Bg8 Rb7 46. h4 Kf8 47. Be6 Kg7 48. Kg2 Re7 49. Rd6 Be5 50. Ra6 Bd4 51. f4 Ra7 52. Rd6 Bf6 53. Rc6 Be7 54. Bc4 Bb4 55. Rc8 Be1 56. Re8 Bd2 57. Rg8+ Kf6 58. Rd8 Be1 59. Rd1 Bb4 60. g4 Rc7 61. Rd4 Be1 62. g5+ Kg7 63. Kh3 h6 64. Bd3 hxg5 65. hxg5 Rc6 66. Rd7+ Kg8 67. Kg4 Bc3 68. Be4 Rb6 69. Bd5+ Kh8 70. Rc7 Bd2 71. Rc2 Bb4 72. Rc8+ Kg7 73. Rc7+ Kh8 74. f5 gxf5+ 75. Kxf5 Rb5 76. Kg6 Rb6+ 77. Kh5 Be7 78. Rxe7 Rh6+ 79. Kg4 Rh4+ 80. Kf5 Rf4+ 81. Ke6 Rg4 82. Re8+ Kg7 83. Kf5 1-0

[Event "XVIII Najdorf Open 2018"]
[Site "Warsaw"]
[Date "2018.07.12"]
[Round "5"]
[White "Sieciechowicz, Marcin"]
[Black "Chomczyk, Marek"]
[Result "1-0"]
[WhiteElo "2410"]
[BlackElo "2247"]
[Annotator "TA"]
[PlyCount "89"]
[EventDate "2018.07.08"]
[EventCountry "POL"]
[SourceTitle "playchess.com"]
[Source "ChessBase"]
[SourceQuality "1"]

{[%evp 22,89,29,10,32,33,39,17,52,2,45,35,89,92,101,0,0,0,-12,-30,15,0,0,6,75,0,36,0,0,0,10,12,13,0,46,38,50,0,0,0,40,30,64,-24,-23,-28,-28,-36,-31,-33,-21,-31,-24,-19,81,73,283,279,270,291,291,255,248,237,237,240,273,266,266,253]} 1. d4 {Seitz,JA} Nf6 2. c4 e6 3. Nc3 Bb4 4. e3 O-O 5. Nge2 Re8 6. a3 Bf8 7. Ng3 d5 8. cxd5 exd5 9. Bd3 c5 10. dxc5 Bxc5 11. O-O Nc6 12. b4 {LiveBook: 8 Partien. E46: Nimzoindisch (Rubinstein-System)} Bf8 (12... Bb6 13. Nce2 d4 14. e4 Ne5 15. Bf4 Nfg4 16. h3 Nxd3 17. Qxd3 Ne5 18. Bxe5 Rxe5 19. f4 Re8 {1-0 (42) Nakamura,H (2787)-Topalov,V (2761) Paris 2016}) 13. Bb2 Ne5 14. Nce2 $146 {Weiß steht etwas besser.} ({Vorgänger:} 14. Rc1 a6 15. Nce2 b5 16. Qc2 Bd7 17. Rfd1 Rc8 18. Qd2 Bc6 19. Bd4 Nc4 {0-1 (55) Duarte Filho,P-Cruz,W Sao Paulo 1942 EXT 2003 [Seitz,JA]}) 14... a5 15. b5 Nfd7 16. Nf4 Nc4 (16... Nxd3 $14 17. Qxd3 Nb6) 17. Qh5 $16 {[%csl Gd3][%cal Rh5h7]} h6 {[#]} 18. Bd4 (18. Bxc4 $1 $16 dxc4 19. Rfd1) 18... Nde5 $11 19. Bxe5 Nxe5 20. Qd1 Bg4 21. Be2 Bxe2 22. Ngxe2 a4 (22... Nc4 $11) 23. Nc3 (23. Nxd5 $16 Ra5 24. Nef4) 23... Nc4 (23... d4 $5 24. exd4 (24. Qxd4 Qxd4 25. exd4 Nc4 $15) 24... Nc4 $11) 24. Ncxd5 Qa5 25. Qg4 Ne5 26. Qe2 Rac8 27. h3 Rc5 28. Rfd1 Nc4 29. Qg4 {[#] Und weiter mit Sf6+ wäre nett.} Ne5 $1 {[%cal Re5g4]} 30. Qg3 {Sf6+ ist eine echte Drohung.} Kh8 31. b6 Nc4 32. Nc7 (32. Qg4 $14 Ne5 33. Qe2) 32... Rc8 $1 33. Qg4 Nxb6 34. Ncd5 $1 Nxd5 35. Nxd5 {[%cal Bf4d5,Bd5e3,Be3c4][%mdl 32]} Rd8 36. e4 Rc2 37. Qf5 Bc5 (37... Rd2 $11 {bleibt in der Remisbreite.}) 38. Ne3 $36 {[%mdl 2048] Weiss ist am Drücker.} Rcd2 $2 (38... Rc3 $16) 39. Rxd2 $18 Rxd2 40. Rc1 ({Schlechter ist} 40. Qxf7 Qc3 $15) 40... b6 41. Nc4 ({Und nicht} 41. Qxf7 Qb5 $11) 41... Bxf2+ 42. Qxf2 Rxf2 43. Nxa5 Ra2 44. Nc4 b5 45. Nd6 $1 {[%csl LRb5,LRf7] Precision: Weiß = 49%, Schwarz = 35%.} 1-0

[Event "XVIII Najdorf Open 2018"]
[Site "Warsaw"]
[Date "2018.07.12"]
[Round "5"]
[White "Karpus, Michal"]
[Black "Zochowski, Kacper"]
[Result "1-0"]
[WhiteElo "2364"]
[BlackElo "2250"]
[Annotator "NA"]
[PlyCount "55"]
[EventDate "2018.07.08"]
[EventCountry "POL"]
[SourceTitle "playchess.com"]
[Source "ChessBase"]
[SourceQuality "1"]

1. e4 d6 2. d4 Nf6 3. Nc3 e5 4. Nf3 exd4 5. Nxd4 Be7 6. Bf4 O-O 7. Qd2 Nc6 8. O-O-O Nxd4 9. Qxd4 Be6 10. Be2 a6 11. g4 Nd7 12. h4 Bxh4 13. Rh2 Bg5 14. Qd2 Bxf4 15. Qxf4 Re8 16. Rdh1 Nf8 17. Bd3 h6 18. Qg3 Qg5+ 19. f4 Qxg4 20. Qf2 Ng6 21. Ne2 Bxa2 22. Rg1 Qd7 23. Nc3 Be6 24. f5 Ne5 25. Rxh6 Qc6 26. Qh4 Ng6 27. fxg6 gxh6 28. Qxh6 1-0

[Event "XVIII Najdorf Open 2018"]
[Site "Warsaw"]
[Date "2018.07.12"]
[Round "5"]
[White "Bartel, Michal"]
[Black "Smirnov, Anton"]
[Result "1/2-1/2"]
[WhiteElo "2360"]
[BlackElo "2523"]
[Annotator "TA"]
[PlyCount "110"]
[EventDate "2018.07.08"]
[EventCountry "POL"]
[SourceTitle "playchess.com"]
[Source "ChessBase"]
[SourceQuality "1"]

{[%evp 19,110,20,26,24,25,0,18,1,19,14,21,20,81,16,14,0,0,-34,-9,-72,-59,-76,-74,-160,-199,-148,-89,-82,-92,-116,-42,-117,-94,-95,-73,-90,-102,-70,-73,-85,-75,-70,-64,-108,-80,-77,-6,-13,-3,-8,0,-20,-8,-9,-7,-8,-8,-8,-8,-8,-7,-8,-8,-8,-7,-7,0,-7,0,-7,-9,-6,-6,-12,-10,-15,-9,-18,-8,-14,-5,-8,0,-8,-8,-2,0,-6,0,0,0,0,0]} 1. e4 c5 2. Nf3 d6 3. Bb5+ Nd7 4. O-O a6 5. Bd3 g6 (5... Ngf6 6. c3 b5 7. a4 c4 8. Be2 Bb7 9. axb5 axb5 10. Rxa8 Bxa8 11. Na3 Bxe4 12. Nxb5 d5 {1-0 (28) Svidler,P (2753)-Nepomniachtchi,I (2757) Jerusalem 2018}) 6. Re1 {B51: Sicilian: Moscow Variation (3 Bb5+) without 3...Bd7} Bg7 7. c3 Ngf6 8. Bc2 O-O 9. d4 cxd4 10. cxd4 b5 {LiveBook: 4 Games} 11. a4 Bb7 12. Nbd2 Qb6 $146 ({Predecessor:} 12... Qc7 13. Bd3 {1-0 (32) Anibar,A (2264)-Georgi,D (1808) Germany 2016}) 13. Nb3 Rfc8 14. Bd2 bxa4 15. Na5 e5 {[#]} (15... d5 $11 {remains equal.} 16. e5 (16. Nxb7 Qxb7 17. e5 Ne4 $11) 16... Ne4) 16. Rxa4 (16. d5 $1 $16) 16... exd4 $1 $11 17. Nxb7 Qxb7 18. Rb4 Qc7 19. Nxd4 (19. Bb1 $11) 19... d5 $17 20. Bc3 dxe4 21. Bxe4 (21. Nb3 $142) 21... Nxe4 22. Rxe4 {[#]} Nf6 (22... a5 $142 $1 {[%cal Ra5b4]} 23. Rb5 Qc4) 23. Re1 Nd5 24. Rb3 Re8 ({Black should play} 24... Qc4 $17 25. g3 a5) 25. h3 (25. Ne2 $15 Nxc3 26. Nxc3) 25... Qc4 {aiming for ...Rxe1+.} 26. Rxe8+ Rxe8 27. Qf1 Qc5 28. Ne2 Nxc3 29. Nxc3 Bd4 {White must now prevent ...Bxf2+!} 30. Ne2 Bf6 31. Nc3 Bh4 32. Nd1 Rd8 ({Better is} 32... Bg5 $17) 33. Rd3 {The position is equal.} Rb8 34. Qe2 Bf6 35. Qd2 Bg5 36. Rd5 Bxd2 37. Rxc5 $11 {[%mdl 4096] Endgame KRB-KRN} Rb3 38. Kf1 Kg7 39. Ke2 Bb4 40. Rc6 a5 41. Rb6 h5 42. h4 Kf8 43. Rb7 Ke8 44. Ra7 Be7 45. Rxa5 Bxh4 46. Ra3 Rb7 47. Re3+ Kf8 48. b3 Bf6 49. Rd3 g5 50. Ne3 Rb5 51. Kf3 Kg7 52. Nd5 Kg6 53. Ke4 Bg7 54. Ne7+ Kh7 {And now ...Re5+ would win.} 55. Nd5 Kg6 {Precision: White = 40%, Black = 44%.} 1/2-1/2

[Event "XVIII Najdorf Open 2018"]
[Site "Warsaw"]
[Date "2018.07.12"]
[Round "5"]
[White "Deszczynski, Adam"]
[Black "Mehar, Chinna Reddy C.h."]
[Result "0-1"]
[WhiteElo "2345"]
[BlackElo "2286"]
[Annotator "NA"]
[PlyCount "80"]
[EventDate "2018.07.08"]
[EventCountry "POL"]
[SourceTitle "playchess.com"]
[Source "ChessBase"]
[SourceQuality "1"]

1. e4 g6 2. d4 Bg7 3. c4 d6 4. Nc3 Nd7 5. Nge2 c5 6. Be3 Ngf6 7. f3 a6 8. Qd2 O-O 9. d5 Ne5 10. Ng3 h5 11. Be2 h4 12. Nf1 h3 13. g4 b5 14. Ng3 Nxc4 15. Bxc4 bxc4 16. Bh6 Rb8 17. Rb1 e6 18. O-O exd5 19. exd5 Nd7 20. Bxg7 Kxg7 21. Nce4 Qe7 22. Qc3+ f6 23. g5 Qe5 24. f4 Qd4+ 25. Qxd4 cxd4 26. Nxd6 Nb6 27. Rbe1 Nxd5 28. Nxc4 fxg5 29. fxg5 Rxf1+ 30. Nxf1 Bf5 31. Ng3 Bd3 32. Ne5 Bc2 33. Nc6 Rxb2 34. Nxd4 Bd3 35. Ne6+ Kg8 36. Nc5 Bc4 37. Nd7 Rg2+ 38. Kh1 Rxa2 39. Ne5 Ne3 40. Nxc4 Nxc4 0-1